Anger in the workplace (Record no. 650)
[ view plain ]
| 000 -LEADER | |
|---|---|
| fixed length control field | 01300nam a2200325 a 4500 |
| 082 04 - DEWEY DECIMAL CLASSIFICATION NUMBER | |
| Classification number | 158.7 |
| 100 1# - MAIN ENTRY--AUTHOR NAME | |
| Personal name | Allcorn, Seth. |
| 245 10 - TITLE STATEMENT | |
| Title | Anger in the workplace |
| 260 ## - PUBLICATION, DISTRIBUTION, ETC. (IMPRINT) | |
| Place of publication | Westport, Conn. : |
| Name of publisher | Quorum Books, |
| Year of publication | 1994. |
| 300 ## - PHYSICAL DESCRIPTION | |
| Number of Pages | xviii, 173 p. : |
| Other physical details | ill. |
| 650 #0 - SUBJECT ADDED ENTRY--TOPICAL TERM | |
| Topical Term | Violence in the workplace. |
| Topical Term | Anger in the workplace. |
| Topical Term | Aggressiveness. |
| 856 40 - ELECTRONIC LOCATION AND ACCESS | |
| Uniform Resource Identifier | http://site.ebrary.com/lib/rucke/Doc?id=5003885 |
No items available.
